Deutsche Städte, in denen Beyoncé aufgetreten ist - Statistiken

Allgemein
  • Dieses Quiz wurde 26 mal gespielt
    21 seit der letzten Aktualisierung
  • Das Durchschnittsergebnis liegt bei 18 aus 24
Antwortstatistiken
Tour / Show Jahr Stadt % Korrekt
Star Search 2003 Berlin
100%
The Beyoncé Experience 2007 Berlin
100%
I Am... Tour 2009 Berlin
100%
2009 MTV Europe Music Awards 2009 Berlin
100%
The Mrs. Carter Show World Tour 2013 Berlin
100%
On the Run II Tour 2018 Berlin
100%
The Beyoncé Experience 2007 Hamburg
100%
Renaissance World Tour 2023 Hamburg
100%
The Mrs. Carter Show World Tour 2014 Köln
100%
On the Run II Tour 2018 Köln
100%
Renaissance World Tour 2023 Köln
100%
The Beyoncé Experience 2007 München
90%
The Mrs. Carter Show World Tour 2013 München
90%
The Beyoncé Experience 2007 Stuttgart
90%
Bravo Supershow 2007 Düsseldorf
80%
The Formation World Tour 2016 Düsseldorf
80%
The Beyoncé Experience 2007 Frankfurt am Main
75%
The Formation World Tour 2016 Frankfurt am Main
75%
Renaissance World Tour 2023 Frankfurt am Main
75%
The Beyoncé Experience 2007 Oberhausen
20%
I Am... Tour 2009 Oberhausen
20%
Wetten, dass..? 2007 Friedrichshafen
5%
The Beyoncé Experience 2007 Bielefeld
0%
VIVA Interaktiv 2003 Hürth
0%
Keine übereinstimmenden Quizze gefunden
Verteilung der Resultate
Anzahl Personen mit jedem Resultat
Perzentil nach korrekt beantworteten Fragen
Ihre Resultats-Entwicklung
Sie haben dieses Quiz seit der letzten Aktualisierung nicht gespielt